|
|
|
|
| LEADER |
01272nam a2200253 a 4500 |
| 001 |
GR-Antirio609 |
| 008 |
090225s2006 mau b 001 0 gre d |
| 020 |
|
|
|a 1596930020
|
| 040 |
|
|
|a GrPaTEI
|b gre
|c GR-PaULI
|
| 040 |
|
|
|a GrPaTEI
|b gre
|c GR-PaULI
|
| 040 |
|
|
|a GrPaTEI
|b gre
|c GR-PaULI
|
| 082 |
|
0 |
|a 621.382
|2 22
|
| 100 |
0 |
|
|a Schiff, Maurice
|
| 245 |
1 |
0 |
|a Introduction to communication systems simulation /
|c Schiff, Maurice.
|
| 260 |
|
|
|a Boston , London :
|b Artech House,
|c c 2006
|
| 300 |
|
|
|a xiτ. , 217 σ. :
|b εικ. ;
|c 27 εκ. +
|e 1 cd - rom
|
| 490 |
0 |
|
|a Artech House mobile communications library.
|
| 504 |
|
|
|a Περιλαμβάνει βιβλιογραφίες και ευρετήριο.
|
| 650 |
|
0 |
|a Telecommunication systems
|x Computer simulation
|
| 942 |
|
|
|2 ddc
|
| 952 |
|
|
|0 0
|1 0
|2 ddc
|4 0
|6 621_382000000000000_SCH
|7 0
|9 261803
|a LISK-2
|b LISK-2
|c BSC
|d 2021-01-17
|e 24
|f 0
|g 0.00
|l 0
|o 621.382 SCH
|p 2430000006734
|r 2021-01-17 00:00:00
|t 1
|w 2021-01-17
|y BK15
|x 20090225 0 1
|x GrPaTEI - Antirrio
|
| 952 |
|
|
|0 0
|1 0
|2 ddc
|4 0
|6 621_382000000000000_SCH
|7 0
|9 261804
|a LISK-2
|b LISK-2
|c BSC
|d 2021-01-17
|e 24
|f 0
|g 0.00
|l 0
|o 621.382 SCH
|p 2430000006735
|r 2021-01-17 00:00:00
|t 1
|w 2021-01-17
|y BK15
|x 20090225 0 1
|x GrPaTEI - Antirrio
|
| 971 |
|
|
|a .b25704084
|b 01-10-20
|c 12-09-16
|
| 999 |
|
|
|c 151063
|d 151063
|